000 01122cac a22003011u 4500
090 _c6571
008 081029t2005 xxu||||| |||| 00| 0 eng d
010 _a 2007276910
020 _a0335215874 (hbk.)
020 _a9780335215874 (hbk.)
020 _a0335215866 (pbk.)
020 _a9780335215867 (pbk.)
035 _a(OCoLC)ocm60418076
082 0 4 _a001.433
_bGIL
100 _aGillham, Bill.
245 1 0 _aResearch interviewing :
_bthe range of techniques /
_cBill Gillham.
260 _aMaidenhead ;
_aNew York :
_bOpen University Press,
_c2005.
300 _ax, 173 p. :
_bill. ;
_c24 cm.
500 _adistributer: Al-Ahram
504 _aIncludes bibliographical references (p. [169]-170) and index.
511 _acatalogued by: wessam
650 0 _aResearch
_xMethodology.
650 0 _aInterviewing.
856 4 1 _3Table of contents only
_uhttp://www.loc.gov/catdir/toc/fy0715/2007276910.html
856 4 1 _3Table of contents only
_uhttp://www.loc.gov/catdir/enhancements/fy0735/2007276910-d.html
942 _cBB
_k001.433GIL
_2ddc
999 _c6571
_d6571